Las monarquías europeas del siglo XVI: las relaciones internacionales

Saved in:
Bibliografiske detaljer
Hovedforfatter: Lapeyre, Henri (Author)
Format: Bog
Sprog:spansk
Udgivet: Barcelona, España Labor 1975
Udgivelse:Segunda edición
Serier:Nueva Clio. La Historia y sus Problemas
Fag:
Tags: Tilføj Tag
Ingen Tags, Vær først til at tagge denne postø!

MARC

LEADER 00000nam a2200000 a 4500
001 UCS1538
003 CL-VaPUC
005 20211015074436.0
008 970512e19750000SP |||||||||||||||||spa|d
999 |c 259579  |d 259577 
040 |c Pontificia Universidad Católica de Valparaíso 
082 0 4 |a 940.2 LAP 1975  |2 21 
100 |a Lapeyre, Henri  |e author  |9 586317 
245 1 4 |a Las monarquías europeas del siglo XVI:  |b  las relaciones internacionales 
250 |a Segunda edición 
260 |a Barcelona, España  |b Labor  |c 1975 
300 |a 369 páginas 
490 0 |a Nueva Clio. La Historia y sus Problemas 
583 |a last modification  |c 20160817 04:20:27  |k Rodrigo Vera 
650 0 |a Monarquía   |z EUROPA  |9 255259 
650 7 |a SISTEMAS POLITICOS  |2 CL-VaPUC  |9 386037  |z EUROPA 
650 0 |a Relaciones Internacionales  |z EUROPA  |9 255740 
650 0 |a Política internacional  |y SIGLO 16  |z EUROPA  |9 255813 
852 |a BIBCUR 
942 |c BK  |2 ddc 
945 |d 19970512 00:00:00  |a rleighto 
952 |0 0  |1 0  |2 ddc  |4 0  |6 940_200000000000000_LAP_1975  |7 0  |8 A  |9 284492  |a BIBHIS  |b BIBHIS  |d 2019-11-19  |i 135986K  |o 940.2 LAP 1975  |p 135986K  |r 2025-01-20  |t 1  |w 2019-11-19  |y BK  |k HIS